Review of the current state of world capture fisheries insurance / (Record no. 15940)

000 -LEADER
fixed length control field 01551cam a2200217Ia 4500
020 ## - INTERNATIONAL STANDARD BOOK NUMBER
ISBN 9789251062289
020 ## - INTERNATIONAL STANDARD BOOK NUMBER
ISBN 9251062285
040 ## - CATALOGING SOURCE
Transcribing agency AU@
082 ## - DEWEY DECIMAL CLASSIFICATION NUMBER
Classification number 639 FOO 2009 A090 Or.
245 00 - TITLE STATEMENT
Title Review of the current state of world capture fisheries insurance /
260 ## - PUBLICATION, DISTRIBUTION, ETC. (IMPRINT)
Place of publication Rome :
Name of publisher Food and Agriculture Organization of the United Nations,
Year of publication 2009
300 ## - PHYSICAL DESCRIPTION
Number of Pages xvii, 162 p. :
Other physical details ill. ;
Dimensions 25 cm
490 1# - SERIES STATEMENT
Series statement FAO fisheries and aquaculture technical paper,
520 ## - SUMMARY, ETC.
Summary, etc This publication provides an overview of the current status of capture fisheries insurance in the world. It presents the findings of a number of regional and national review desk studies carried out between December 2006 and January 2008 covering China, Japan and India in Asia, Europe, Africa, the United States of America in North America, South America, Oceania and the Russian Federation. A summary synthesis of the studies is included along with information about the insurance market, demand and supply issues, perils covered, vessels insured, risk management methods applied and underwriting experiences. Providing guidance for the formulation of legal, policy and institutional frameworks in developing countries, it addresses decision-makers at national government levels, as well as international agencies and fisheries sector stakeholders.--Publisher's description
650 #0 - SUBJECT ADDED ENTRY--TOPICAL TERM
Topical Term Fisheries
650 #0 - SUBJECT ADDED ENTRY--TOPICAL TERM
Topical Term Fisheries
650 #0 - SUBJECT ADDED ENTRY--TOPICAL TERM
Topical Term Sustainable fisheries
700 1# - ADDED ENTRY--PERSONAL NAME
Personal name Anrooy, Raymon van
856 11 - ELECTRONIC LOCATION AND ACCESS
Uniform Resource Identifier http://www.fao.org/docrep/011/i0744e/i0744e00.htm
942 ## - ADDED ENTRY ELEMENTS (KOHA)
Koha item type សៀវភៅភាសាអង់គ្លេស
952 ## - LOCATION AND ITEM INFORMATION (KOHA)
Withdrawn status [LOCAL, KOHA] 0
Holdings
Permanent Location Date acquired Koha item type Lost status Shelving location Barcode Current Location Full call number
Library Block A2017-12-19សៀវភៅភាសាអង់គ្លេស A090A27890Library Block A639 FOO 2009 A090 Or.
មជ្ឈមណ្ឌលឯការនៃសាកលវិទ្យាល័យភូមិន្ទកសិកម្មចំការដូង

Powered by Koha